MARC

LEADER 00000nas a2200000 a 4500
001 ssj0000505430
003 WaSeSS
005 20200512172242.0
006 m d
007 cr n
008 110728c19989999bl tr p s 0 0por c
010 |a  2011240181 
022 |a 1516-3865  |l 1516-3865 
035 |a (WaSeSS)ssj0000505430 
040 |a IXA  |b eng  |c IXA  |d IXA  |d CUS  |d OCLCQ  |d OCLCF  |d OCLCO  |d OCLCQ  |d OCLCA  |d WaSeSS 
041 0 |a por  |b eng 
042 |a pcc 
043 |a s-bl--- 
050 1 4 |a HD28 
245 0 0 |a Revista de ciencias da administração  |h [electronic resource] :  |b RCA. 
246 1 |a RCA 
260 |a Florianópolis, SC :  |b Universidade Federal de Santa Catarina,  |c 1998- 
310 |a Three times a year,  |b 2007- 
321 |a Semiannual,  |b 1998-2006 
362 0 |a Ano 1, no. 0 (agosto de 1998)- 
506 |a License restrictions may limit access. 
546 |a Primarily in Portuguese, some articles in Spanish; abstracts in English, Portuguese or Spanish. 
588 |a Description based on first issue; title from journal home page (publisher's Web site, viewed July 27, 2011). 
588 |a Latest issue consulted: V. 13, n. 29 (jan./abril de 2011) (viewed July 27, 2011). 
650 0 |a Management  |v Periodicals. 
650 0 |a Management  |z Brazil  |v Periodicals. 
650 0 |a Industrial management  |v Periodicals. 
650 0 |a Industrial management  |z Brazil  |v Periodicals. 
650 7 |a Industrial management.  |2 fast  |0 (OCoLC)fst00971246 
650 7 |a Management.  |2 fast  |0 (OCoLC)fst01007141 
651 7 |a Brazil.  |2 fast  |0 (OCoLC)fst01206830 
655 0 |a Electronic journals. 
710 2 |a Universidade Federal de Santa Catarina.  |b Departamento de Ciências da Administração. 
856 4 0 |z Full text available from Research Library: 08/01/1998 to present  |u https://search.proquest.com/publication/1576337